Posolstvo

Bibliographic Details
Format: Article
Language:Slovak
Subjects:

MARC

LEADER 00000nab a2200000 a 4500
001 vtls001022302
003 SK-MaSNL
005 20260426040007.0
008 040720e19940512xo 0 slo
035 |a SL892 
040 |a SLLK  |b slo  |c SLLK  |e AACR2 
041 0 |a slo 
044 |a xo  |c SK 
080 |a 231.73  |2 1981 
245 0 0 |a Posolstvo 
648 7 |a 8.5.1994  |2 SLLK  |9 1028838 
650 0 7 |a mariánske zjavenia  |2 SNKPH  |9 68936 
651 7 |a Litmanová (Slovensko)  |2 SLLK  |9 55694 
651 7 |a Zvir (Litmanová, Slovensko)  |2 SLLK  |9 195607 
773 0 |t Ľubovnianske noviny  |g Roč. 20, č. 19 (12.5.1994), s. 1 
852 |a ZVYKNI  |b KIS3GCP 
999 |c 1692425  |d 1694355